Missing Word: Movie Title 3-Letter Beginning (A-Z) Quiz Stats

 Plays Quiz Updated Jul 2, 2017

Support Sporcle.
Go Orange.
Score 0/26 Timer 02:00
1 Play Today
Title 3-Letter Answer % Correct
___ Ventura: Pet DetectiveAce
98.1%
___ Year's EveNew
97%
___ HardDie
96.2%
___ Max: Fury RoadMad
95.6%
___ Age: Collision CourseIce
94.8%
___ SmartGet
91%
___ Abiding CitizenLaw
90.9%
___ with Dick and JaneFun
88.4%
___ and DownsUps
87%
___ HelsingVan
86.5%
___ FuzzHot
85.9%
___ GrandeRio
84.8%
___ AirCon
84.5%
Title 3-Letter Answer % Correct
___ Don't Mess with the ZohanYou
83.6%
___ Versus the VolcanoJoe
76.9%
___ in the SkyEye
70.9%
___ MovieBee
68.5%
___ with MussoliniTea
64.7%
___ KidsSpy
62.1%
___ the DogWag
61.7%
___ VadisQuo
56.1%
___: State of the UnionXXX
54.5%
___ GalahadKid
50.4%
___ JoeyPal
48.2%
___ RadioZoo
46.2%
___ the MapOff
42.5%

Today's Daily Dose

You're not logged in!

Compare scores with friends on all Sporcle quizzes.
OR
Log In
Forgot?

From the Vault

Which Brontë Sister?

by Aurelian147

Some siblings play tag. The Bronte sisters wrote novels.
Remove Ads.
Support Sporcle.
Get the best of Sporcle when you Go Orange. This ad-free experience offers more features, more stats, and more fun while also helping to support Sporcle. Thank you for becoming a member.

Show Comments

Extras

Top Quizzes Today


Score Distribution

Your Account Isn't Verified!

In order to create a playlist on Sporcle, you need to verify the email address you used during registration. Go to your Sporcle Settings to finish the process.

Report this User

Report this user for behavior that violates our Community Guidelines.

Details: